Slovník nesprávnych a správnych výrazov

Gespeichert in:
Bibliographische Detailangaben
1. Verfasser: Žáčko, Ignác
Weitere Verfasser: Janek, Jozef
Format: Buch
Sprache:Slowakisch
Veröffentlicht: Bratislava Slovenské pedagogické nakladateľstvo 1975
Tags: Tag hinzufügen
Keine Tags, Fügen Sie das erste Tag hinzu!

MARC

LEADER 00000nam a2200000 4500
001 c120500
005 20041019155217.2
041 0 |a slo 
044 |a SK 
245 1 0 |a Slovník nesprávnych a správnych výrazov  |c Ignác Žáčko, Jozef Janek 
264 1 |a Bratislava  |b Slovenské pedagogické nakladateľstvo  |c 1975 
300 |a 419 s. 
100 1 |a Žáčko, Ignác 
700 1 |a Janek, Jozef